• 首页
  • 本馆介绍
  • 公告通知
  • 最新文献
  • 馆藏检索
  • 电子资源
  • 读者荐购
  • 参考咨询
  • CALIS
  • 我的图书馆
  • 登录
  • 详细信息显示
  • 放入我的书架
  • 预约/预借图书
  • 作者相关作品
  • 分类相关作品
  • 丛书相关作品
  • 出版社相关作品

书目信息

  • 表格格式
  • 工作单格式
  • 卡片格式
题名:
中文版3ds Max/VRay印象商业效果图制作与表现
    
 
作者: 张广存 , 范理柱 , 范理财 编著
分册:  
出版信息: 北京   人民邮电出版社  2014.09
页数: 392页, [16] 页图版
开本: 26cm
丛书名:
单 册:
中图分类: TU238.2
科图分类:
主题词: 室内装饰设计--shi nei zhuang shi she ji--三维动画软件
电子资源:
ISBN: 978-7-115-36401-2
 
 
 
 
 
000 01258nam0 2200289 450
001 CAL 0120141387208
005 20150826144942.75
010    @a978-7-115-36401-2@dCNY79.00
100    @a20141024d2014 em y0chiy50 ea
101 0  @achi
102    @aCN@b110000
105    @aaf z 000yy
106    @ar
200 1  @a中文版3ds Max/VRay印象商业效果图制作与表现@Azhong wen ban 3ds Max/VRay yin xiang shang ye xiao guo tu zhi zuo yu biao xian@f范理财, 张广存, 范理柱编著
210    @a北京@c人民邮电出版社@d2014.09
215    @a392页, [16] 页图版@c彩图@d26cm
330    @a本书按照办公空间、购物空间、餐饮空间和酒店空间等用途进行案例分类, 并针对不同的案例空间、不同的表现要求进行制作。通过这些案例的学习, 读者可以熟练掌握工装效果图的制作技法, 明确不同公共空间在用光、用色、用材, 以及渲染气氛方面的差异。
517 1  @a3ds Max/VRay印象商业效果图制作与表现@A3ds Max/VRay yin xiang shang ye xiao guo tu zhi zuo yu biao xian
586    @a
606 0  @a室内装饰设计@Ashi nei zhuang shi she ji@x三维动画软件
610 0  @a3ds Max@aVRay
690    @aTU238.2@v5
701  0 @a张广存@Azhang guang cun@4编著
701  0 @a范理柱@Afan li zhu@4编著
701  0 @a范理财@Afan li cai@4编著
801  0 @aCN@c20150820
905    @a河南城建学院图书馆@dTU238.2@eF120@f3
    
    中文版3ds Max/VRay印象商业效果图制作与表现/范理财, 张广存, 范理柱编著.-北京:人民邮电出版社,2014.09
    392页, [16] 页图版:彩图;26cm
    
    
    ISBN 978-7-115-36401-2:CNY79.00
    本书按照办公空间、购物空间、餐饮空间和酒店空间等用途进行案例分类, 并针对不同的案例空间、不同的表现要求进行制作。通过这些案例的学习, 读者可以熟练掌握工装效果图的制作技法, 明确不同公共空间在用光、用色、用材, 以及渲染气氛方面的差异。
●
相关链接 在E读中查询图书 在当当中查询图书 在豆瓣中查询图书


正题名:中文版3ds Max/VRay印象商业效果图制作与表     索取号:TU238.2/F120         预约/预借

序号 登录号 条形码 馆藏地/架位号 状态 备注
1 1224788   212247889   建筑库101/101建筑库 55排2列5层/ [索取号:TU238.2/F120] 在馆    
2 1224789   212247898   建筑库101/101建筑库 55排2列5层/ [索取号:TU238.2/F120] 在馆    
3 1224790   212247905   建筑与城市规划学院资料室/101建筑库 28排2列1层/ [索取号:TU238.2/F120] 在馆    
河南城建学院图书馆 欢迎您!
大连网信软件有限公司© 版权所有